000 00539nam a22001937a 4500
003 NUST - PNEC
005 20170116180816.0
008 150508b xxu||||| |||| 00| 0 eng d
020 _a0387912185
040 _cLIBRARY
082 _a510.2462 STR
100 _93494
_a Stroud, K. A.;
245 _aEngineering Mathematics:Programmes and problems
_cK A Stroud
250 _a2nd ed.
260 _aNew York:
_bSpringer-Verlag,
_cc 1982.
300 _a894 p . :
_c22 cm.
650 _93495
_aEngineering mathematics.
_xME
942 _2ddc
_cBK
999 _c63539
_d63539